000 00243nam a2200085Ia 4500
245 0 _aAshley learns about strangers
100 _a York, Sarah Mountbatten-Windsor New York, 2009
942 _cBK
008 210817s9999 xx 000 0 und d
999 _c305010
_d305009